000 00326nam a2200133Ia 4500
100 _aViterbi/A.Jand omura/J.K
942 _cBK
654 _aCommunication
245 _aPrinciples of digital communication and coding
260 _bMcGraw Hill
_aTokyo
_c1979
082 _a621.38
_bVIT/OMU
300 _a560
546 _aENGLISH
999 _c29625
_d29625